[Event "68th ch-RUS HL w 2018"]
[Site "Yaroslavl RUS"]
[Date "2018.07.04"]
[Round "8.8"]
[White "Kovanova, Baira"]
[Black "Schepetkova, Margarita"]
[Result "1/2-1/2"]
[WhiteTitle "WGM"]
[BlackTitle "WIM"]
[WhiteElo "2369"]
[BlackElo "2244"]
[WhiteFideId "4164083"]
[BlackFideId "4189949"]
[EventDate "2018.06.26"]

1. d4 d5 2. c4 c6 3. Nc3 Nf6 4. e3 e6 5. Nf3 a6 6. Qc2 c5 7. cxd5 exd5 8. Be2
Be6 9. O-O Nc6 10. dxc5 Bxc5 11. Na4 Bd6 12. Nc5 Qe7 13. Nxe6 fxe6 14. a3 O-O
15. b4 Ne5 16. Bb2 Rac8 17. Qb3 Nc4 18. Bd4 Ne4 19. Qd1 Ncd2 20. Nxd2 Bxh2+ 21.
Kxh2 Nxf2 22. Rxf2 Qh4+ 23. Kg1 Qxf2+ 24. Kh2 Qh4+ 25. Kg1 Qf2+ 26. Kh2 Qh4+ 27.
Kg1 Qf2+ 1/2-1/2

[Event "68th ch-RUS HL w 2018"]
[Site "Yaroslavl RUS"]
[Date "2018.07.04"]
[Round "8.9"]
[White "Getman, Tatyana"]
[Black "Belenkaya, Dina"]
[Result "0-1"]
[WhiteTitle "WFM"]
[BlackTitle "WGM"]
[WhiteElo "2146"]
[BlackElo "2308"]
[WhiteFideId "34166146"]
[BlackFideId "24142654"]
[EventDate "2018.06.26"]

1. d4 d5 2. c4 dxc4 3. e4 Nf6 4. e5 Nd5 5. Bxc4 Bf5 6. Qb3 c6 7. Nc3 e6 8. Bxd5
cxd5 9. Qxb7 Nd7 10. Nge2 Be7 11. O-O O-O 12. Qa6 Qb8 13. b3 Qb4 14. Bd2 Nb8 15.
Qa4 Qxa4 16. Nxa4 Bd3 17. Rfe1 Nc6 18. Bc3 Rfc8 19. Nf4 Bb5 20. Nb2 g5 21. Nh3
Nxe5 22. Bd2 Nc6 23. Bxg5 Bxg5 24. Nxg5 Nxd4 25. Red1 Ne2+ 26. Kh1 Rc2 27. Nd3
Nc3 28. Nb4 Rxf2 29. Rdc1 a5 30. Rxc3 axb4 31. Rg3 Kf8 32. Nxh7+ Ke7 33. Ng5
Raxa2 34. Rc1 Rfc2 35. Rd1 Rc3 36. Nf3 Be2 37. Rb1 Bxf3 38. gxf3 Rf2 39. Rg4
Rcxf3 40. Rxb4 Rh3 41. Rb7+ Kf6 42. Kg1 Rhxh2 43. b4 Rfg2+ 44. Kf1 e5 45. Ra1
Ra2 46. Rxa2 Rxa2 47. b5 Rb2 48. b6 d4 49. Rb8 Kf5 0-1

[Event "68th ch-RUS HL w 2018"]
[Site "Yaroslavl RUS"]
[Date "2018.07.04"]
[Round "8.10"]
[White "Balaian, Alina"]
[Black "Yakimenko, Viktoria"]
[Result "1-0"]
[WhiteTitle "WIM"]
[BlackTitle "WFM"]
[WhiteElo "2221"]
[BlackElo "2078"]
[WhiteFideId "24115347"]
[BlackFideId "24174998"]
[EventDate "2018.06.26"]

1. e4 c5 2. Nf3 g6 3. c4 Nc6 4. d4 cxd4 5. Nxd4 Bg7 6. Be3 Nf6 7. Nc3 d6 8. Be2
O-O 9. O-O Bd7 10. Qd2 Nxd4 11. Bxd4 Bc6 12. Bd3 Nd7 13. Bxg7 Kxg7 14. Rae1 Qa5
15. Re3 h6 16. Rh3 Rh8 17. f4 a6 18. a3 b5 19. b4 Qb6+ 20. Kh1 Rac8 21. cxb5
axb5 22. Ne2 Nf6 23. Qb2 Kg8 24. e5 Ne4 25. Nd4 Bd5 26. exd6 Nxd6 27. f5 g5 28.
Re1 Nc4 29. Bxc4 Rxc4 30. Rd3 Qf6 31. Qd2 Kh7 32. Nxb5 Be4 33. Rc3 Rhc8 34. Rec1
Qxf5 35. Rxc4 Rxc4 36. Nc3 Bd3 37. Rg1 e5 38. b5 Rd4 39. b6 Qd7 40. Qe3 Qb7 41.
Qxe5 Rd7 42. Qf6 Bg6 43. Rd1 Re7 44. Qd4 Bc2 45. Rf1 Qa6 46. Qf2 Bd3 47. Nd5 Rb7
48. Rd1 Qxa3 49. Qf3 Qd6 50. Qxd3+ Kg7 51. Qf3 f6 52. h3 Rf7 53. Rc1 Qe5 54. Ne3
Qb2 55. Qc6 h5 56. Nf5+ Kg6 57. Nd6 Kg7 58. Nxf7 g4 59. Qc2 Qxb6 60. Ne5 fxe5
61. Qc7+ Qxc7 62. Rxc7+ Kf6 63. hxg4 1-0

[Event "68th ch-RUS HL w 2018"]
[Site "Yaroslavl RUS"]
[Date "2018.07.04"]
[Round "8.11"]
[White "Semenova, Elena1"]
[Black "Savina, Anastasia"]
[Result "1-0"]
[WhiteTitle "WIM"]
[BlackTitle "IM"]
[WhiteElo "2238"]
[BlackElo "2343"]
[WhiteFideId "24125148"]
[BlackFideId "4196872"]
[EventDate "2018.06.26"]

1. e4 d6 2. d4 Nf6 3. Nc3 e5 4. Nf3 Nbd7 5. Bc4 Be7 6. O-O O-O 7. a4 c6 8. h3 a5
9. Re1 Nb6 10. Bf1 exd4 11. Nxd4 d5 12. e5 Ne8 13. Nce2 Nc7 14. Ng3 g6 15. Be3
Nd7 16. Bh6 Re8 17. f4 Nc5 18. Nf3 N7e6 19. f5 Ne4 20. Nxe4 dxe4 21. fxe6 Qxd1
22. Raxd1 exf3 23. exf7+ Kxf7 24. gxf3 g5 25. h4 gxh4 26. Kh2 Be6 27. Bd3 Bc5
28. Be3 Bxe3 29. Rxe3 Rg8 30. f4 Rad8 31. f5 Bd5 32. c4 Bg2 33. e6+ Ke7 34. Rd2
h3 35. f6+ Kxf6 36. e7 Rde8 37. Rf2+ Kg7 38. Rg3+ Kh8 39. Rf7 Rxg3 40. Rxh7+ Kg8
41. Kxg3 c5 42. Bg6 Ra8 43. Rh5 Bc6 44. Rd5 Kg7 45. Rd8 Kxg6 46. Rxa8 Kf7 47.
Rxa5 b6 48. Ra7 Ke8 49. b3 Bd7 50. Rb7 Kxe7 51. Rxb6 Kd8 52. Rb5 1-0

[Event "68th ch-RUS HL w 2018"]
[Site "Yaroslavl RUS"]
[Date "2018.07.04"]
[Round "8.12"]
[White "Potapova, Margarita"]
[Black "Diakonova, Ekaterina"]
[Result "1-0"]
[WhiteTitle "WFM"]
[WhiteElo "2302"]
[BlackElo "2212"]
[WhiteFideId "14126869"]
[BlackFideId "24172936"]
[EventDate "2018.06.26"]

1. e4 c5 2. Nf3 g6 3. c3 Bg7 4. d4 cxd4 5. cxd4 d5 6. exd5 Nf6 7. Nc3 O-O 8. Bc4
Nbd7 9. O-O Nb6 10. Bb3 Nbxd5 11. Re1 b6 12. Bg5 Bb7 13. Rc1 a6 14. Ne5 Rc8 15.
f3 e6 16. Qd2 Qd6 17. Kh1 Nxc3 18. bxc3 Nd5 19. Bh4 b5 20. Bg3 Qe7 21. Nd3 Rfd8
22. Nc5 b4 23. cxb4 h5 24. a3 Kh7 25. Rcd1 Ba8 26. Qf2 a5 27. Be5 axb4 28. Bxg7
Kxg7 29. Bxd5 Bxd5 30. axb4 Rb8 31. Rb1 Rb5 32. Qe2 Rdb8 33. Qe5+ Kh7 34. Qxd5
Qh4 35. Qe4 1-0

[Event "68th ch-RUS HL w 2018"]
[Site "Yaroslavl RUS"]
[Date "2018.07.04"]
[Round "8.13"]
[White "Afonasieva, Anna"]
[Black "Maltsevskaya, Aleksandra"]
[Result "1/2-1/2"]
[WhiteTitle "WFM"]
[WhiteElo "2217"]
[BlackElo "2279"]
[WhiteFideId "24173606"]
[BlackFideId "24174041"]
[EventDate "2018.06.26"]

1. d4 Nf6 2. Nf3 g6 3. c4 Bg7 4. g3 O-O 5. Bg2 d6 6. O-O Nbd7 7. Qc2 e5 8. Rd1
Qe7 9. Nc3 c6 10. dxe5 dxe5 11. e4 Nc5 12. h3 Ne6 13. Be3 Nd7 14. Qd2 Rd8 15.
Qd6 Qe8 16. Qa3 a5 17. Qb3 b6 18. Rd6 Ndc5 19. Rxd8 Qxd8 20. Qc2 Ba6 21. Rd1 Qe8
22. Na4 Nxa4 23. Qxa4 b5 24. Qxa5 bxc4 25. Qc3 c5 26. Bf1 Qa4 27. Rc1 Qxa2 28.
Nd2 f5 29. Bxc4 Bxc4 30. Qxc4 f4 31. Bxc5 fxg3 32. Qxa2 Rxa2 33. Ba3 gxf2+ 34.
Kxf2 Bf8 35. Rc8 Kf7 36. Bxf8 Nxf8 37. Rc7+ Kf6 38. Nc4 g5 39. Rb7 Ra4 40. b3
Ra2+ 41. Kf3 h5 42. Ne3 Ne6 43. Nd5+ Kg6 44. Rb6 Kf7 45. Rb7+ Kg6 46. Rb6 1/2-1/2

[Event "68th ch-RUS HL w 2018"]
[Site "Yaroslavl RUS"]
[Date "2018.07.04"]
[Round "8.14"]
[White "Goltseva, Ekaterina"]
[Black "Shafigullina, Zarina"]
[Result "0-1"]
[WhiteTitle "WFM"]
[BlackTitle "WFM"]
[WhiteElo "2260"]
[BlackElo "2191"]
[WhiteFideId "24173770"]
[BlackFideId "24174220"]
[EventDate "2018.06.26"]

1. d4 Nf6 2. c4 e6 3. Nc3 Bb4 4. e3 O-O 5. Bd3 d5 6. Nf3 b6 7. O-O Bb7 8. a3 Be7
9. cxd5 exd5 10. b4 Nbd7 11. Ne5 Ne4 12. Bb2 Nxc3 13. Bxc3 Nf6 14. Qc2 a6 15.
Bb2 Bd6 16. f4 Ne4 17. Rf3 Qe8 18. Bxe4 dxe4 19. Rg3 Bd5 20. Qe2 f6 21. Ng4 Kf7
22. Rh3 Rh8 23. Nf2 Ke7 24. Qg4 Qg6 25. Qe2 h5 26. Rg3 Qf7 27. Qc2 h4 28. Rg4
Be6 29. f5 Bxf5 30. Rxe4+ Bxe4 31. Qxe4+ Qe6 32. Qf3 Rae8 33. e4 Kd8 34. e5 fxe5
35. dxe5 Bxe5 36. Bxe5 Qxe5 37. Rd1+ Ke7 38. Ng4 Qe6 39. Ne3 Rd8 40. Nd5+ Rxd5
41. Qxd5 Qxd5 42. Rxd5 Rd8 43. Re5+ Kf6 44. Re3 c5 45. bxc5 bxc5 46. Rc3 Rc8 47.
Kf2 c4 48. Ke3 Ke5 49. Kd2 Kd4 50. Rf3 Re8 51. Rf7 c3+ 52. Kd1 g5 53. Rd7+ Kc4
54. Rc7+ Kb3 55. Rb7+ Kxa3 56. Kc2 Re3 57. Rb6 a5 58. Rb5 g4 59. Rg5 g3 60. h3
a4 61. Rg4 Re2+ 62. Kxc3 Rxg2 63. Rxh4 Rh2 64. Rg4 Rxh3 65. Kc2 Rh2+ 66. Kd3 Rb2
67. Kc3 Rb3+ 68. Kc2 Rf3 69. Rg7 Kb4 70. Rg4+ Kb5 71. Rg5+ Kc6 72. Rg4 a3 73.
Kb1 Kd5 74. Ka2 Ke5 75. Rg7 Kf4 76. Rd7 g2 0-1

[Event "68th ch-RUS HL w 2018"]
[Site "Yaroslavl RUS"]
[Date "2018.07.04"]
[Round "8.15"]
[White "Baraeva, Marina"]
[Black "Khokhlova, Daria"]
[Result "1/2-1/2"]
[WhiteTitle "WIM"]
[WhiteElo "2210"]
[BlackElo "2198"]
[WhiteFideId "24142573"]
[BlackFideId "24182729"]
[EventDate "2018.06.26"]

1. d4 Nf6 2. Nf3 c5 3. c3 e6 4. Bg5 d5 5. Nbd2 Be7 6. e3 O-O 7. Bd3 Nbd7 8. Ne5
Nxe5 9. dxe5 Nd7 10. Bf4 f5 11. exf6 Nxf6 12. O-O Bd6 13. Bxd6 Qxd6 14. e4 Bd7
15. Qe2 Ne8 16. Rae1 g6 17. Nf3 Ng7 18. exd5 exd5 19. Qe7 Qxe7 20. Rxe7 Bc6 21.
Ne5 Rfe8 22. Nxc6 bxc6 23. Rfe1 c4 24. Bc2 Kf8 25. Rxe8+ Rxe8 26. Kf1 Rxe1+ 27.
Kxe1 Ke7 28. b3 cxb3 29. axb3 c5 30. Kd2 Kd6 31. f4 a5 32. Bd3 Nh5 33. Ke3 Nf6
34. h3 Nd7 35. g4 Nb6 36. Bc2 Nd7 37. Bd3 Nb6 38. Bc2 Nd7 39. Bd3 1/2-1/2

[Event "68th ch-RUS HL w 2018"]
[Site "Yaroslavl RUS"]
[Date "2018.07.04"]
[Round "8.16"]
[White "Paramzina, Anastasya"]
[Black "Lingur, Zalina"]
[Result "1-0"]
[WhiteTitle "WGM"]
[BlackTitle "WFM"]
[WhiteElo "2255"]
[BlackElo "2101"]
[WhiteFideId "4165012"]
[BlackFideId "34165670"]
[EventDate "2018.06.26"]

1. e4 c5 2. Nf3 d6 3. d4 cxd4 4. Nxd4 Nf6 5. Nc3 a6 6. h4 e5 7. Nb3 Be6 8. f4 g6
9. fxe5 Ng4 10. Bg5 Qb6 11. Qd4 Qxd4 12. Nxd4 Nxe5 13. Nxe6 fxe6 14. h5 Rg8 15.
hxg6 Rxg6 16. Bf4 h6 17. g3 Nbd7 18. O-O-O O-O-O 19. a3 Nf6 20. Be2 Nfg4 21. Rd2
Be7 22. Rhd1 Kc7 23. b4 Nf2 24. Rf1 Nfg4 25. Kb2 Bg5 26. Kb3 Ne3 27. Rh1 N3g4
28. a4 Rf6 29. Bxg5 hxg5 30. b5 a5 31. Rh7+ Kb6 32. Rg7 Nh2 33. Rd1 Nhf3 34. Kb2
g4 35. Rh1 Rf7 36. Rxf7 Nxf7 37. Bc4 N3g5 38. Bb3 Rc8 39. Rh4 Ne5 40. Rh5 Rg8
41. Rh6 Rg6 42. Rh8 Rf6 43. Rg8 Rg6 44. Rc8 Nd7 45. Bc4 Nc5 46. Bxe6 Ka7 47. Bf5
Rg7 48. Ka3 Nd7 49. Rc7 1-0

[Event "68th ch-RUS HL w 2018"]
[Site "Yaroslavl RUS"]
[Date "2018.07.04"]
[Round "8.17"]
[White "Garifullina, Leya"]
[Black "Bocharova, Ulyana"]
[Result "1/2-1/2"]
[WhiteTitle "WCM"]
[WhiteElo "2131"]
[BlackElo "1874"]
[WhiteFideId "34127035"]
[BlackFideId "24174513"]
[EventDate "2018.06.26"]

1. e4 d5 2. exd5 Qxd5 3. Nc3 Qa5 4. d4 Nf6 5. Nf3 Bf5 6. Bc4 c6 7. Bd2 Qc7 8.
Qe2 e6 9. Bb3 Bd6 10. O-O-O Nbd7 11. Nh4 Bg6 12. Nxg6 hxg6 13. g3 O-O-O 14. Bg5
Rde8 15. Qf3 Be7 16. h4 Nb6 17. Kb1 Rhf8 18. Rhe1 Nfd5 19. Ne4 Bxg5 20. hxg5 Ne7
21. c4 Kb8 22. Rh1 Rd8 23. Nc3 Nf5 24. Qe4 Rh8 25. Rxh8 Rxh8 26. g4 Ne7 27. f4
a6 28. Qe3 Ka8 29. Ne4 Kb8 30. Nc5 Rh4 31. Qg3 Rh8 32. Nd3 Ka8 33. Qf2 Kb8 34.
Qe3 Ka8 35. Re1 Kb8 36. Ne5 Nec8 37. Bc2 Ka8 38. b3 Qe7 39. Kb2 Rh2 40. Qg3 Rh8
41. f5 gxf5 42. gxf5 Qb4 43. Kc1 Qa3+ 44. Kd2 Qd6 45. Qf2 f6 46. c5 Qb8 47. cxb6
fxe5 48. dxe5 exf5 49. Kc1 Ne7 50. Qc5 Re8 51. Qd6 Nd5 52. Qxb8+ Kxb8 53. Bxf5
Nxb6 54. Bg6 Re7 55. Kd2 Nd7 56. e6 Nf8 57. Bf7 Kc7 58. Kc3 Nxe6 1/2-1/2

[Event "68th ch-RUS HL w 2018"]
[Site "Yaroslavl RUS"]
[Date "2018.07.04"]
[Round "8.18"]
[White "Sukhareva, Evgeniya"]
[Black "Loskutova, Viktoriya"]
[Result "1/2-1/2"]
[WhiteElo "2234"]
[BlackElo "2096"]
[WhiteFideId "4167155"]
[BlackFideId "34166278"]
[EventDate "2018.06.26"]

1. d4 Nf6 2. c4 e6 3. Nc3 Bb4 4. Qc2 d5 5. cxd5 Qxd5 6. Nf3 Qf5 7. Qb3 Nc6 8. a3
Bxc3+ 9. Qxc3 Ne4 10. Qc4 Nd6 11. Qc5 Qxc5 12. dxc5 Ne4 13. Bf4 Nxc5 14. Bxc7
Bd7 15. e3 Rc8 16. Bf4 f6 17. Rc1 Ne5 18. Rc3 Nxf3+ 19. gxf3 e5 20. Bg3 Ke7 21.
Bg2 Bb5 22. Bh3 Ne6 23. Rxc8 Rxc8 24. Kd2 Rd8+ 25. Kc1 Ng5 26. Bf5 Bc6 27. Rf1
Bxf3 28. h4 Be4 29. Rd1 Rxd1+ 30. Kxd1 Bxf5 31. hxg5 fxg5 32. Bxe5 g6 33. Ke2 h5
34. Kf3 Ke6 35. Bc7 Kd7 36. Be5 Ke6 37. Bc7 Bc2 38. Kg3 Kf5 39. Bb8 a6 40. Bc7
Bd3 41. Bd8 h4+ 42. Kh2 Kg4 43. Be7 Kh5 44. Bd8 Be4 45. Be7 Bf3 46. Bd8 Kg4 47.
Be7 Kf5 48. Bd8 Kg4 49. Be7 h3 50. Bd8 Bg2 51. Bc7 Kf3 52. Kg1 g4 53. Bb8 Ke2
54. Bc7 Bc6 55. Bb8 Bg2 1/2-1/2

[Event "68th ch-RUS HL w 2018"]
[Site "Yaroslavl RUS"]
[Date "2018.07.04"]
[Round "8.19"]
[White "Legenko, Ksenia"]
[Black "Kochukova, Anna"]
[Result "1/2-1/2"]
[WhiteTitle "WFM"]
[BlackTitle "WFM"]
[WhiteElo "2079"]
[BlackElo "2170"]
[WhiteFideId "4192265"]
[BlackFideId "24173932"]
[EventDate "2018.06.26"]

1. d4 d5 2. c4 dxc4 3. Nf3 a6 4. g3 Nf6 5. Bg2 c6 6. O-O Nbd7 7. a4 a5 8. Na3
Nb6 9. Qc2 Nfd5 10. e4 Nb4 11. Qe2 Bg4 12. Be3 e6 13. Nxc4 Nxc4 14. Qxc4 Bd6 15.
Nd2 e5 16. h3 Be6 17. Qc3 Qc7 18. Nf3 f6 19. dxe5 fxe5 20. Bc5 Bxc5 21. Qxc5 Nd3
22. Qc3 O-O-O 23. Rad1 Nb4 24. Nxe5 Na2 25. Qc5 Bb3 26. Rxd8+ Rxd8 27. Nc4 Bxc4
28. Qxc4 Nb4 29. Qe2 Qe5 30. f4 Qd4+ 31. Qf2 Nd3 32. Qxd4 Rxd4 33. Rd1 Nxf4 34.
Rxd4 Ne2+ 35. Kf2 Nxd4 36. Ke3 Nc2+ 37. Kd2 Nb4 38. Ke3 Kd7 39. Kd4 b6 40. Bf1
Nc2+ 1/2-1/2

[Event "68th ch-RUS HL w 2018"]
[Site "Yaroslavl RUS"]
[Date "2018.07.04"]
[Round "8.20"]
[White "Bulatova, Kamaliya"]
[Black "Vinokur, Yuliya"]
[Result "0-1"]
[WhiteTitle "WFM"]
[BlackTitle "WFM"]
[WhiteElo "2051"]
[BlackElo "2131"]
[WhiteFideId "34111546"]
[BlackFideId "34127515"]
[EventDate "2018.06.26"]

1. d4 e6 2. c4 d5 3. Nc3 c5 4. cxd5 exd5 5. Nf3 Nc6 6. g3 Nf6 7. Bg2 Be7 8. O-O
O-O 9. dxc5 Bxc5 10. a3 Ne4 11. Qc2 Nxc3 12. Qxc3 Be7 13. Nd4 Bg4 14. Nxc6 bxc6
15. Qxc6 Bxe2 16. Re1 Bc4 17. Bf4 Rc8 18. Qb7 Bc5 19. b3 Bd3 20. Rad1 Bc2 21.
Rd2 Bxa3 22. Bxd5 Qf6 23. Be5 Qf5 24. Rd4 Rce8 25. Rf4 Rxe5 26. Ra1 Qh5 27. Bf3
Qh3 28. Bg4 Qh6 29. Rxa3 Re1+ 30. Kg2 Qxf4 31. gxf4 Be4+ 32. Bf3 Bxb7 33. Bxb7
Re7 34. Bd5 Rd8 35. Ra5 g6 36. f5 Kg7 37. Bc4 g5 38. Ra6 Rc7 39. Kg3 Rd4 40. f3
Rf4 41. Ra5 Rd7 42. Bf1 h5 43. Ra2 Re7 44. f6+ Kxf6 45. Ra6+ Kg7 46. Ra5 f6 47.
Bc4 Kh6 48. Ra6 Re3 49. Bd5 Rd3 50. Ba8 Rxb3 51. h4 Rbb4 52. hxg5+ Kxg5 53. Rxa7
h4+ 54. Kh3 Ra4 55. Rg7+ Kh6 56. Rg8 Kh7 57. Re8 Ra7 58. Be4+ f5 59. Bd5 Rg7 60.
Re3 Rg3+ 61. Kh2 Rd4 62. Be6 Rd2+ 63. Kh1 Kg6 64. Re1 Rgg2 65. f4 Rge2 66. Rg1+
Kf6 0-1

[Event "68th ch-RUS HL w 2018"]
[Site "Yaroslavl RUS"]
[Date "2018.07.04"]
[Round "8.21"]
[White "Faizutdinova, Diana"]
[Black "Yakushina, Ekaterina"]
[Result "1-0"]
[WhiteElo "2046"]
[BlackElo "1886"]
[WhiteFideId "24143731"]
[BlackFideId "34166014"]
[EventDate "2018.06.26"]

1. c4 e5 2. Nc3 Nf6 3. g3 Nc6 4. Bg2 Be7 5. e3 O-O 6. Nge2 Re8 7. O-O d6 8. d3
Be6 9. Nd5 Bf8 10. h3 g6 11. Bd2 Bg7 12. Bc3 a5 13. Qd2 Qd7 14. Kh2 Reb8 15. f4
Ne8 16. a4 f5 17. e4 Nd4 18. Ra3 b6 19. exf5 gxf5 20. fxe5 dxe5 21. Bxd4 exd4
22. Qg5 h6 23. Qg6 Kh8 24. Ndf4 Bf7 25. Bc6 Qe7 26. Qxf5 Nd6 27. Qg4 Ra7 28. Bd5
Rg8 29. Bxf7 1-0

[Event "68th ch-RUS HL w 2018"]
[Site "Yaroslavl RUS"]
[Date "2018.07.04"]
[Round "8.22"]
[White "Alekseeva, Irina"]
[Black "Dimitrova, Aleksandra"]
[Result "1-0"]
[BlackTitle "WIM"]
[WhiteElo "2065"]
[BlackElo "2220"]
[WhiteFideId "24178683"]
[BlackFideId "24173371"]
[EventDate "2018.06.26"]

1. e4 c5 2. Nf3 e6 3. d4 cxd4 4. Nxd4 a6 5. Nc3 b5 6. Bd3 d6 7. Be3 Nf6 8. f3
Be7 9. Qd2 Bb7 10. g4 Nfd7 11. O-O-O Nc5 12. h4 Nbd7 13. Kb1 b4 14. Nce2 d5 15.
exd5 Bxd5 16. Nf4 Bb7 17. Nh5 O-O 18. Bh6 g6 19. Ng3 Re8 20. h5 Nxd3 21. Qxd3
Nc5 22. Qe3 Qc8 23. hxg6 fxg6 24. Nh5 gxh5 25. Qe5 Bf8 26. Qg5+ Kf7 27. Qxh5+
Ke7 28. Nf5+ exf5 29. Bg5+ Ke6 30. gxf5+ Ke5 31. f4+ 1-0

[Event "68th ch-RUS HL w 2018"]
[Site "Yaroslavl RUS"]
[Date "2018.07.04"]
[Round "8.23"]
[White "Ustich, Ekaterina"]
[Black "Mokshanova, Elizaveta"]
[Result "0-1"]
[BlackTitle "WFM"]
[WhiteElo "2028"]
[BlackElo "2046"]
[WhiteFideId "24179221"]
[BlackFideId "24160679"]
[EventDate "2018.06.26"]

1. e4 c5 2. Nf3 e6 3. d4 cxd4 4. Nxd4 Nc6 5. Nc3 Qc7 6. Be3 a6 7. a3 Nf6 8. f4
d6 9. Qf3 e5 10. Nxc6 bxc6 11. Bc4 Be7 12. f5 Rb8 13. O-O h5 14. Kh1 d5 15. exd5
cxd5 16. Bxd5 Rxb2 17. Na4 Rxc2 18. Bb6 Qd7 19. Bxf7+ Kf8 20. Bb3 Bb7 21. Qxb7
Qxb7 22. Bxc2 h4 23. h3 Ne4 24. Rfe1 Ng3+ 25. Kg1 Qc6 26. Bb3 Rh5 27. Rxe5 Rg5
28. Bd5 Ne2+ 29. Kh1 Qf6 30. Bc7 Rxf5 31. Rxf5 Qxf5 32. Bc4 Qf6 33. Rb1 Bd8 34.
Bb8 Qf2 35. Nb2 Ng3+ 36. Kh2 Be7 37. Nd3 Qc2 38. Rc1 Qa4 39. Nf4 g5 40. Ne6+ Ke8
41. Nc7+ Kd8 42. Nxa6 Ne4 43. Bc7+ Ke8 44. Be5 Bd6 45. Nc7+ Kd8 46. Ne6+ Ke7 47.
Bxd6+ Nxd6 48. Nc5 Qxa3 49. Re1+ Kd8 50. Ne6+ Kc8 51. Ba6+ Qxa6 52. Rc1+ Nc4 53.
Nxg5 Qd6+ 54. Kh1 Qf4 55. Rc2 Kd7 56. Nf3 Nd6 57. Rd2 Ke6 58. Rd4 Qc1+ 59. Kh2
Nf5 60. Re4+ Kf6 61. Nxh4 Qc7+ 62. Kg1 Qb6+ 63. Kh2 Qb8+ 64. g3 Qxg3+ 65. Kh1
Nxh4 66. Re6+ Kf5 67. Rf6+ Ke4 68. Re6+ Kd3 0-1

[Event "68th ch-RUS HL w 2018"]
[Site "Yaroslavl RUS"]
[Date "2018.07.05"]
[Round "9.1"]
[White "Dordzhieva, Dinara"]
[Black "Gritsayeva, Oksana"]
[Result "1/2-1/2"]
[WhiteTitle "WIM"]
[BlackTitle "WFM"]
[WhiteElo "2274"]
[BlackElo "2355"]
[WhiteFideId "24157570"]
[BlackFideId "14104652"]
[EventDate "2018.06.26"]

1. d4 Nf6 2. c4 e6 3. Nc3 Bb4 4. Qc2 c5 5. dxc5 Na6 6. a3 Bxc3+ 7. Qxc3 Nxc5 8.
b4 Nce4 9. Qd4 d5 10. f3 Nd6 11. cxd5 Nf5 12. Qd3 exd5 13. e3 O-O 14. Ne2 a5 15.
b5 Re8 16. Kf2 Bd7 17. Nd4 Nd6 18. Bd2 Rc8 19. Be2 a4 20. Rac1 Nc4 21. Rc3 Qb6
22. Rhc1 h5 23. g3 Re5 24. Qc2 h4 25. Bxc4 dxc4 26. Rxc4 hxg3+ 27. hxg3 Rxc4 28.
Qxc4 Rh5 29. Qc7 Rh2+ 30. Ke1 Rh1+ 31. Kf2 Rh2+ 32. Ke1 Rh1+ 33. Kf2 Rh2+ 34.
Ke1 1/2-1/2

[Event "68th ch-RUS HL w 2018"]
[Site "Yaroslavl RUS"]
[Date "2018.07.05"]
[Round "9.2"]
[White "Bodnaruk, Anastasia"]
[Black "Tomilova, Elena"]
[Result "1-0"]
[WhiteTitle "IM"]
[BlackTitle "WIM"]
[WhiteElo "2451"]
[BlackElo "2334"]
[WhiteFideId "4181751"]
[BlackFideId "4162340"]
[EventDate "2018.06.26"]

1. e4 e6 2. d4 d5 3. e5 c5 4. c3 Nc6 5. Nf3 Bd7 6. a3 f6 7. Bd3 Qc7 8. O-O O-O-O
9. Re1 c4 10. Bc2 fxe5 11. dxe5 Nh6 12. b3 cxb3 13. Bxb3 Bc5 14. Ba4 Nf5 15. Ra2
Rdf8 16. Bxc6 Bxc6 17. a4 Be8 18. Nd4 Qf7 19. Ba3 Bxa3 20. Nxa3 Nxd4 21. Qxd4 a6
22. c4 dxc4 23. Nxc4 Kb8 24. Qd8+ Ka7 25. Qb6+ Kb8 26. Rb1 Qc7 27. Qxa6 Bc6 28.
Rab2 Rd8 29. Na5 Kc8 30. Rxb7 Bxb7 31. Nxb7 Rd1+ 32. Rxd1 Qxb7 33. Qd6 Qb3 34.
a5 Kb7 35. h3 Rc8 36. Rd4 Rc4 37. Qe7+ Kb8 38. Rd8+ Rc8 39. Qd6+ Kb7 40. Rd7+ 1-0

[Event "68th ch-RUS HL w 2018"]
[Site "Yaroslavl RUS"]
[Date "2018.07.05"]
[Round "9.3"]
[White "Protopopova, Anastasiya"]
[Black "Galliamova, Alisa"]
[Result "1/2-1/2"]
[WhiteTitle "WFM"]
[BlackTitle "IM"]
[WhiteElo "2262"]
[BlackElo "2422"]
[WhiteFideId "24172073"]
[BlackFideId "4129725"]
[EventDate "2018.06.26"]

1. Nf3 d5 2. d4 Nf6 3. c4 e6 4. e3 Be7 5. Nc3 O-O 6. Bd3 dxc4 7. Bxc4 a6 8. O-O
b5 9. Bd3 Bb7 10. a3 Nbd7 11. b4 Bd6 12. e4 e5 13. d5 h6 14. Nd2 c6 15. dxc6
Bxc6 16. Nb3 Rc8 17. Be3 Qe7 18. Rc1 Ba8 19. Qe2 Qe6 20. Qb2 Ng4 21. Bd2 Bc7 22.
a4 Bb6 23. axb5 axb5 24. Be1 Ngf6 25. Kh1 Qd6 26. Rd1 Qxb4 27. Nxb5 Qe7 28. f3
Nh5 29. Be2 Nf4 30. Nd6 Rc7 31. Bg3 Nxe2 32. Qxe2 Bc6 33. Bf2 Bxf2 34. Qxf2 Ba4
35. Nf5 Qd8 36. Rb1 Kh7 37. Rb2 g6 38. Ne3 Bxb3 39. Rxb3 Nf6 40. Rd1 Rd7 41.
Rbb1 Rxd1+ 1/2-1/2

[Event "68th ch-RUS HL w 2018"]
[Site "Yaroslavl RUS"]
[Date "2018.07.05"]
[Round "9.4"]
[White "Nechaeva, Marina"]
[Black "Balaian, Alina"]
[Result "1-0"]
[WhiteTitle "IM"]
[BlackTitle "WIM"]
[WhiteElo "2410"]
[BlackElo "2221"]
[WhiteFideId "4149351"]
[BlackFideId "24115347"]
[EventDate "2018.06.26"]

1. d4 Nf6 2. c4 g6 3. Nf3 Bg7 4. g3 O-O 5. Bg2 d5 6. cxd5 Nxd5 7. O-O Nb6 8. Nc3
Nc6 9. d5 Na5 10. e4 e6 11. Bg5 f6 12. Be3 c6 13. Bc5 Re8 14. b4 Nac4 15. dxc6
bxc6 16. Qb3 Qc7 17. Rfd1 Qf7 18. e5 Ba6 19. Bf1 Qb7 20. Ne4 f5 21. Nf6+ Bxf6
22. exf6 h6 23. a4 Rab8 24. a5 Nd7 25. Rxd7 Qxd7 26. Bxc4 Bxc4 27. Qxc4 Qd5 28.
Qf4 Qd8 29. Be7 g5 30. Nxg5 1-0

[Event "68th ch-RUS HL w 2018"]
[Site "Yaroslavl RUS"]
[Date "2018.07.05"]
[Round "9.5"]
[White "Charochkina, Daria"]
[Black "Kovalevskaya, Ekaterina"]
[Result "0-1"]
[WhiteTitle "IM"]
[BlackTitle "IM"]
[WhiteElo "2343"]
[BlackElo "2402"]
[WhiteFideId "4180917"]
[BlackFideId "4116704"]
[EventDate "2018.06.26"]

1. d4 d5 2. Nc3 Nf6 3. Bf4 e6 4. Nb5 Na6 5. a3 c6 6. Nc3 Bd6 7. e3 O-O 8. Bg3 b5
9. Bd3 b4 10. Nce2 bxa3 11. bxa3 c5 12. c3 Ne4 13. Qa4 Nc7 14. Bxe4 dxe4 15.
dxc5 Bxg3 16. Nxg3 f5 17. N1e2 Qe7 18. c6 Ba6 19. Rd1 Bb5 20. Qb4 Qxb4 21. cxb4
Rac8 22. Nd4 Bd3 23. a4 g6 24. Rc1 a6 25. b5 axb5 26. axb5 e5 27. b6 exd4 28.
bxc7 dxe3 29. fxe3 Rxc7 30. Ne2 Bxe2 31. Kxe2 Rf6 32. Rhd1 Rfxc6 33. Rd8+ Kg7
34. Rxc6 Rxc6 35. Rd7+ Kh6 36. Rd2 Kg5 37. Kf2 h5 38. g3 h4 39. h3 Rc5 40. Re2
Rc3 0-1